Dīwān ibn al-Fārid ̣/

محفوظ في:

المؤلف الرئيسي: Ibn al-Fāriḍ, ʻUmar ibn ʻAlī, 1181 or 2-1235.

مؤلفون آخرون: ʻAbd al-Laṭīf, ʻAlī Muḥammad.

التنسيق: كتاب

اللغة: Arabic

منشور في: Misṛ : al-Maktabah al-Hụsaynīyah al-Misṛīyah, 1352 [1933].

الطبعة: al-Tạbʻah 2.

الموضوعات:

الوسوم: إضافة وسم

لا توجد وسوم, كن أول من يضع وسما على هذه التسجيلة!

رقم الطلب: PJ7755 .I18 A6 1933

LEADER 00946nam a2200229 a 4500
003 OSt
005 20231119075602.0
008 010514s1933 ua 000 0 ara d
999 |c 55019  |d 55019 
040 |c ARCE Library 
050 4 |a PJ7755 .I18 A6 1933 
100 1 |6 880-01  |a Ibn al-Fāriḍ, ʻUmar ibn ʻAlī,  |d 1181 or 2-1235. 
245 1 0 |6 880-02  |a Dīwān ibn al-Fārid ̣/   |c iltizām ʻAlī Muhạmmad ʻAbd al-Latị̄f. 
250 |6 880-03  |a al-Tạbʻah 2. 
260 |6 880-04  |a Misṛ :  |b al-Maktabah al-Hụsaynīyah al-Misṛīyah,  |c 1352 [1933]. 
300 |a 120 p. ;  |c 24 cm. 
600 1 0 |6 880-05  |a Ibn al-Fāriḍ, ʻUmar ibn ʻAlī,  |d 1181 or 2-1235. 
700 1 |6 880-06  |a ʻAbd al-Laṭīf, ʻAlī Muḥammad. 
880 1 |6 100-01/(3/r  |a ابن الفارض، عمر بن علي،  |d 1235-2 or 1181. 
880 1 0 |6 245-02/(3/r  |a ديوان بن الفارض   |c التزام علي محمد عبد اللطيف 
901 |a reviewed 
942 |2 lcc  |c BK